Relative wage trends, women's work, and family income

Αποθηκεύτηκε σε:
Λεπτομέρειες βιβλιογραφικής εγγραφής
Κύριος συγγραφέας: Juhn, Chinhui 1961-
Μορφή: Βιβλίο
Γλώσσα:English
Δημοσίευση: Washington, D.C. : AEI Press, 1996
Σειρά:AEI studies on understanding economic inequality
Θέματα:
Ετικέτες: Προσθήκη ετικέτας
Δεν υπάρχουν, Καταχωρήστε ετικέτα πρώτοι!

MARC

LEADER 00000nam a2200000 i 4500
001 1/25524
008 981208s1996 eng d
020 |a 0-8447-7077-9 
035 |l 10037356 
040 |a GR-MY-UA  |b gre  |e aacr 
041 0 |a eng 
082 0 |a 339.20973 
100 1 |a Juhn, Chinhui  |d 1961- 
245 1 0 |a Relative wage trends, women's work, and family income /  |c Chinhui Juhn 
260 |a Washington, D.C. :   |b AEI Press,   |c 1996 
300 |a vii, 25 p.  |b ill. 
490 1 |a AEI studies on understanding economic inequality 
500 |a Includes bibliographical references 
650 0 0 |a Income distribution  |z United States. 
650 0 0 |a Wages  |z United States. 
650 0 0 |a Women  |x Employment  |z United States. 
830 0 |a AEI studies on understanding economic inequality 
852 |a INST  |b LESVOS  |e 19981208  |h 339.20973 JUH  |p 005100024060  |q 005100024060  |t BK  |y 0 
901 |a BIBL1-2000-2 
909 |a Λ  |b 060238 
922 |a 1ΕΛΗ  |b 199810  |c ΚΠΣ/ΤΚ  |d ΠΑΠΑΣΩΤΗΡΙΟΥ 
950 |a 103-1998-07-27 
970 |z 2000/04/ΜΠΡΑΤΤΗΣ